000
00274nam a2200109Ia 4500
008
220204s9999 xx 000 0 und d
082
_a
954
_b
KAU
100
_a
Kaul, T N
245
0
_a
Reminiscences: Discreet and indiscreet
260
_a
New Delhi
_b
Lancers
_c
1982
942
_c
BK
999
_c
38379
_d
38379